| 000 | 00449nam a2200145 i 4500 | ||
|---|---|---|---|
| 001 | 142583 | ||
| 003 | ES-MaACL | ||
| 005 | 20230906200550.0 | ||
| 007 | t| | ||
| 008 | 071008s1916 sp ||||1| spa d | ||
| 100 | 1 |
_aVillalonga Villalba, Ignacio. _9114979 |
|
| 245 | 1 | 0 |
_aRégimen municipal foral valenciano _b: los jurados y el consejo : tesis doctoral / _cIgnacio Villalonga Villalba. |
| 260 |
_aValencia, _c1916. |
||
| 852 |
_aES-MaACL _j1510-F-13 |
||
| 999 |
_c142583 _d142583 |
||